000 00494nam a2200217Ia 4500
003 OSt
005 20221005133447.0
006 a|||||r|||| 00| 0
007 ta
008 221004b |||||||| |||| 00| 0 eng d
024 _a117677
037 _cTextual
040 _aCRL
_cCRL
_beng
041 _2eng
_aeng
100 _aObborne Jhon
_9642459
245 0 _aWuthering Height
260 _c1970
650 _aPHYSICS
942 _cTEXL
_2cc
999 _c1066895
_d1066895